Vista normal
Vista MARC
Entrada Personal Name
Número de registros utilizados en: 2
001 - CONTROL NUMBER
- control field: 4132
003 - CONTROL NUMBER IDENTIFIER
- control field: OSt
005 - DATE AND TIME OF LATEST TRANSACTION
- control field: 20200508123500.0
008 - FIXED-LENGTH DATA ELEMENTS
- fixed length control field: 200508|| aca||aabn | a|a d
040 ## - CATALOGING SOURCE
- Original cataloging agency: OSt
- Transcribing agency: OSt
100 ## - HEADING--PERSONAL NAME
- Personal name: Verano de la Rosa, Eduardo,
670 ## - SOURCE DATA FOUND
- Source citation: Work cat.: (OSt)5051: Verano de la Rosa, Eduardo, autor, Región y estado : una propuesta para la conformación institucional y financiera de la región en Colombia /, 1998